000 00588nmm a2200181Ia 4500
008 251105s9999||||xx |||||||||||||||||und||
020 _a9788431541231
041 _aspa
100 _aBranco Moreira, Lourenço
245 0 _a500 frases en Portugués para aprender en 5 días
264 _a[Madrid, España] :
_bDe Vecchi,
_c[Fecha de publicación no identificada]
300 _a0 páginas
650 _aOther Literatures and languages
700 _aBranco Moreira, Lourenço
700 1 _a Wilson, Robert
856 _uhttps://public.digitaliapublishing.com/a/123432
942 _cCF
999 _c63081
_d63081